ICE design and practice guides: coastal defence (Record no. 101898)
[ view plain ]
| 000 -LEADER | |
|---|---|
| fixed length control field | 01038cam a2200265 4500 |
| 008 - FIXED-LENGTH DATA ELEMENTS--GENERAL INFORMATION | |
| fixed length control field | 020222n2001 000 0 eng u |
| 020 ## - INTERNATIONAL STANDARD BOOK NUMBER | |
| International Standard Book Number | 0727730053 |
| 035 ## - SYSTEM CONTROL NUMBER | |
| System control number | (Sirsi) u116803 |
| 041 ## - LANGUAGE CODE | |
| Language code of text/sound track or separate title | eng |
| 050 ## - LIBRARY OF CONGRESS CALL NUMBER | |
| Classification number | 627.24 |
| 100 ## - MAIN ENTRY--PERSONAL NAME | |
| Personal name | Brampton, A. |
| -- | Editor |
| 245 ## - TITLE STATEMENT | |
| Title | ICE design and practice guides: coastal defence |
| 260 ## - PUBLICATION, DISTRIBUTION, ETC. | |
| Name of publisher, distributor, etc. | Thomas Telford |
| Date of publication, distribution, etc. | 2001 |
| 300 ## - PHYSICAL DESCRIPTION | |
| Extent | 104P. |
| Dimensions | 30cm. |
| 350 ## - PRICE (NR) (BK AM CF MU VM SE) [OBSOLETE] | |
| Price | 25.00 |
| 490 ## - SERIES STATEMENT | |
| Series statement | ICE Design and Practice Guide |
| 520 ## - SUMMARY, ETC. | |
| Summary, etc. | Explains how shorelines can be managed in a cost-effective and environmentally acceptable manner. Also includes guidance on the design, construction and maintenance of coastal defences. This guide will useful to civil engineers working with coastal defences, management and engineering, as well as local authorities and civil engineering students. |
| 650 ## - SUBJECT ADDED ENTRY--TOPICAL TERM | |
| Topical term or geographic name entry element | COASTAL DEFENCES |
| 650 ## - SUBJECT ADDED ENTRY--TOPICAL TERM | |
| Topical term or geographic name entry element | SEAWALLS |
| 650 ## - SUBJECT ADDED ENTRY--TOPICAL TERM | |
| Topical term or geographic name entry element | CONSERVATION |
| 650 ## - SUBJECT ADDED ENTRY--TOPICAL TERM | |
| Topical term or geographic name entry element | Environment |
| 9 (RLIN) | 6238 |
| 650 ## - SUBJECT ADDED ENTRY--TOPICAL TERM | |
| Topical term or geographic name entry element | CIVIL ENGINEERS |
| 690 ## - LOCAL SUBJECT ADDED ENTRY--TOPICAL TERM (OCLC, RLIN) | |
| Topical term or geographic name as entry element | BUILT ENVIRONMENT-CONSTRUCTION DESIGN |
| 942 ## - ADDED ENTRY ELEMENTS (KOHA) | |
| Suppress in OPAC | 0 |
| Withdrawn status | Lost status | Source of classification or shelving scheme | Damaged status | Not for loan | Home library | Current library | Shelving location | Date acquired | Cost, normal purchase price | Total Checkouts | Full call number | Barcode | Date last seen | Copy number | Cost, replacement price | Price effective from | Koha item type |
|---|---|---|---|---|---|---|---|---|---|---|---|---|---|---|---|---|---|
| Dewey Decimal Classification | London | London | Folio | 11/03/2002 | 21.25 | F627.24 BRA | 30065491 | 06/08/2019 | 1 | 21.25 | 06/08/2019 | Book |